000 00568nam a2200181Ia 4500
003 GCL
008 140319s9999 xx 000 0 ara d
040 _aGCL /
_cGCL
082 0 4 _aط
_b823.087
_bب ر
100 1 _aبولت، روبرت
245 1 0 _aرجل لكل العصور /
_cبولت، روبرت
260 _a[S.N] :
_bالهيئة المصرية العامة للكتاب ،
_c1995
300 _a338
490 _aروائع الادب العالمى للناشين
_v0
650 0 4 _aالاطفال
650 0 4 _aقصص الاطفال
942 _2ddc
_cBK
999 _c34991
_d34991